LEADER 01873nam 2200589Ia 450 001 9910452452403321 005 20200520144314.0 010 $a1-61209-484-8 035 $a(CKB)2550000001041821 035 $a(EBL)3019163 035 $a(SSID)ssj0000852949 035 $a(PQKBManifestationID)12308007 035 $a(PQKBTitleCode)TC0000852949 035 $a(PQKBWorkID)10853876 035 $a(PQKB)11566069 035 $a(MiAaPQ)EBC3019163 035 $a(Au-PeEL)EBL3019163 035 $a(CaPaEBR)ebr10662970 035 $a(OCoLC)833198759 035 $a(EXLCZ)992550000001041821 100 $a20101117d2011 uy 0 101 0 $aeng 135 $aur|n|---||||| 181 $ctxt 182 $cc 183 $acr 200 00$aComputer design and computational defense systems$b[electronic resource] /$fNikos E. Mastorakis, editor 210 $aNew York $cNova Science Publishers$dc2011 215 $a1 online resource (285 p.) 225 0 $aComputer science, technology and applications 300 $aDescription based upon print version of record. 311 $a1-61122-756-9 320 $aIncludes bibliographical references and index. 410 0$aComputer Science, Technology and Applications 606 $aHigh technology$zUnited States 606 $aSystem design$zUnited States 606 $aInformation technology$zUnited States 606 $aMilitary research$zUnited States 608 $aElectronic books. 615 0$aHigh technology 615 0$aSystem design 615 0$aInformation technology 615 0$aMilitary research 676 $a355/.07 701 $aMastorakis$b Nikos E$0966136 801 0$bMiAaPQ 801 1$bMiAaPQ 801 2$bMiAaPQ 906 $aBOOK 912 $a9910452452403321 996 $aComputer design and computational defense systems$92192458 997 $aUNINA LEADER 01150nam a2200241 i 4500 001 991003102619707536 008 071211s2006 gw b 101 0 mul d 020 $a9783050041490 020 $a3050041498 035 $ab13629888-39ule_inst 040 $aDip.to Studi Giuridici$bita 245 00$aHerrschaftsstrukturen und Herrschaftspraxis :$bKonzepte, Prinzipien und Startegien der Administration im rčomischen Kaiserreich : Akten der Tagung an der Universitčat Zčurich, 18.-20.10.2004 /$cherausgegeben von Anne Kolb 260 $aBerlin :$bAkademie Verlag,$c2006 300 $a380 p. ;$c25 cm 504 $aInclude riferimenti bibliografici (p. [328]-355) e indice 651 4$aRoma$xStoria$yImpero, 30 a.C.-476 d.C.$vCongressi 700 1 $aKolb, Anne$eauthor$4http://id.loc.gov/vocabulary/relators/aut$0300645 907 $a.b13629888$b02-04-14$c11-12-07 912 $a991003102619707536 945 $aLE027 R-III/D 56$g1$i2027000169191$lle027$o-$pE69.80$q-$rl$s- $t0$u0$v0$w0$x0$y.i1463224x$z11-12-07 996 $aHerrschaftsstrukturen und Herrschaftspraxis$91463730 997 $aUNISALENTO 998 $ale027$b11-12-07$cm$da $e-$fmul$ggw $h0$i0 LEADER 01238nam0 22003011i 450 001 UON00151721 005 20231205102925.301 100 $a20020107d1960 |0itac50 ba 101 $aper 102 $aIR 105 $a|||| 1|||| 200 1 $aAfsane va Roba'iyat$fNima 205 $aTehran : Keyhan$b1339 H. [1960] 210 $a144 p.$a23 cm 215 $aAltro front.: Afsaneh et Quatrains 510 1$3UON00369097$aAfsaneh et Quatrains 606 $aLETTERATURA PERSIANA$xPERIODO CONTEMPORANEO$xPOESIA$xNIMA YUSHIJ$3UONC005839$2FI 620 $aIR$dTihra?n$3UONL005570 686 $aIRA VI AEZ$cIRAN - LETTERATURA - PERSIANO - TESTI LETTERARI - PERIODO MODERNO E CONTEMPORA$2A 700 1$aYUSIJ$bNima$3UONV012046$0649481 712 $aKeyhan$3UONV248149$4650 801 $aIT$bSOL$c20240220$gRICA 899 $aSIBA - SISTEMA BIBLIOTECARIO DI ATENEO$2UONSI 912 $aUON00151721 950 $aSIBA - SISTEMA BIBLIOTECARIO DI ATENEO$dSI IRA VI AEZ 135 $eSI MR 73920 7 135 966 $aNIMA YUSHIJ$zLETTERATURA PERSIANA - PERIODO CONTEMPORANEO - POESIA - NIMA YUSHIJ$3UONC005840 996 $aAfsane va Roba'iyat$91274017 997 $aUNIOR